Регионална библиотека "Любен Каравелов" - Русе

Анатомия на човешката деструктивност (Запис номер 101909)

MARC детайли
000 -Лидер
Контролно поле с фиксирана дължина 02059nam a2200481 c 4500
003 - Код на организацията, давaща контролен номер
Контролно поле BLK
005 - Дата и час на последна редакция
Контролно поле 20250730150158.0
008 - Елементи от данни с фиксирана дължина
fixed length control field 180409b bul|||||r ||||||| ||bul||
010 ## - Наследен системен номер
LC control number KNG00106966000
020 ## - Международен стандартен номер на книга ISBN
Международен стандартен номер на книга ISBN 954-739-312-Х
040 ## - Източник на каталожния запис
Идентификатор на билиотеката - собственик на записа BLK
041 ## - Код за език
Код за езика на текст/звукозапис или на отделно заглавие Български
Код за езика КДБФ Български
080 ## - УДК
Текстов определител УДК Психоанализа
УДК код - определител по УДК 159.964.2
УДК - код + определител 159.964.2
080 ## - УДК
Текстов определител УДК Отбягване. Неприятелство. Агресия. Насилие
УДК код - определител по УДК 316.647.3
УДК - код + определител 316.647.3
080 ## - УДК
Текстов определител УДК Сексуални перверзии. Хомосексуализъм. Содомия. Садизъм
УДК код - определител по УДК 176.4
УДК - код + определител 176.4
100 1# - Редна дума - Автор
Автор Фром, Ерих
Авторска отговорност първи автор
R(LIN) 135079
139 ## - Редно поле
Редна дума Фром, Ерих
Авторски знак Фром - Ф 86
245 10 - Сведения за заглавието
Заглавие Анатомия на човешката деструктивност
Редно поле (дума) Ерих Фром; прев. от англ. Владимир Ганев.
257 ## - Страна на издаване
Страна на създаване/издаване Германия
260 ## - Област на издателските данни
Място на издаване, разпространение и проч. София
Име на издателя, разпространителя и проч. Захарий Стоянов
Година на издаване 2003
Печатница София : Наука и образование
300 ## - Физическа характеристика
Страници 576 с.
Размери/Мащаб 24 см
380 ## - Жанр
Жанр Философия
490 1# - СЕРИИ (Колекции)
Име на серия Поредица Философия и човек
500 ## - Общи забележки
Забележка Ориг. загл. The Anatomy of Human Destructiveness / Erich Fromm. - Офс. изд. - Библиогр. с. 520-537. - Азб. показалец.
504 ## - Забележка за наличие на библиография и др
Забележка за наличие на библиография и под. 520-537
650 #4 - Допълнително описание по предмет – тема
Основно описание – тема или топоним Психоанализа
9 (RLIN) 168303
650 #4 - Допълнително описание по предмет – тема
Основно описание – тема или топоним Агресия (психол.)
9 (RLIN) 274633
650 #4 - Допълнително описание по предмет – тема
Основно описание – тема или топоним Полови извращения
9 (RLIN) 245943
650 #4 - Допълнително описание по предмет – тема
Основно описание – тема или топоним Психология, патологична
9 (RLIN) 271924
653 ## - Ключова дума – ненормативна
Ключова дума агресивност
653 ## - Ключова дума – ненормативна
Ключова дума неврофизиология
653 ## - Ключова дума – ненормативна
Ключова дума деструктивност
653 ## - Ключова дума – ненормативна
Ключова дума психоанализа
653 ## - Ключова дума – ненормативна
Ключова дума психология
700 1# - Други автори (авторска отговорност)
Лично име Ганев, Владимир
Автороска отговорност (Описва отношението между автора и произведението) прев. от англ.
9 (RLIN) 365635
852 ## - Местоположение
Форматна сигнатура Цб 215263
856 4# - Електронен адрес и достъп
Електронен формат pdf - файл
856 4# - Електронен адрес и достъп
Електронен формат pdf - файл
942 ## - АРТИКУЛИ
Вид на библиотечния материал Книги
Скрит в OPAC Не
Koha issues (borrowed), all copies 9
944 ## - СЪЗДАВАНЕ И РЕДАКЦИЯ на ЗАПИСА
Създаване/Редакция Създаване
Дата на регистрацията/редакция 09.07.2003
Служител, извършил регистрацията/редакцията 30549
Статус, дата на статуса Вася Ганчева
944 ## - СЪЗДАВАНЕ И РЕДАКЦИЯ на ЗАПИСА
Създаване/Редакция Редакция
Дата на регистрацията/редакция 13.12.2014
Служител, извършил регистрацията/редакцията Теодора_Стоянова
999 ## - СИСТЕМНИ КОНТРОЛНИ НОМЕРА
Koha biblionumber 101909
Koha biblioitemnumber 101909
999 ## - СИСТЕМНИ КОНТРОЛНИ НОМЕРА
Koha biblioitemnumber 101909
Наличности
Код за отписване Код за изгубен артикул Код за повреда Коз за рестрикции Код за отдаване Артикулен № Име на библиотеката - собственик Име на библиотеката, в която се намира в момента Статус (Текущо местоположение) Дата на вписване в системата Местоположение - отдел Цена в лева Инвентарен номер Систематично азбучна сигнатура Баркод Номер на екземпляра Цена в евро Служебна бележка Служебен тип на артикула Източник на класификационната схема
  Не е изгубен Не е повреден без рестрикции ползва се в читалня 164649 Регионална библиотека "Любен Каравелов" Русе Регионална библиотека "Любен Каравелов" Русе Читалня 2003-07-09 Читалня 14.84 120000677424 Ч 159.9/Ф 86 120000677424 1 7.59 Дост: Pk Вид: Ф N: 15926 Дата: 04.07.2003 Дата инв: 21.03.2017 Бележки инв: Ч2017 Книги  
  Не е изгубен Не е повреден без рестрикции ползва се в читалня 164650 Регионална библиотека "Любен Каравелов" Русе Регионална библиотека "Любен Каравелов" Русе Хранилище 2004-07-16 Хранилище 0.00 120000687093 Цб 215263 120000687093 2 0.00 Дост: Dp Вид: Д N: 39 Дата: 17.09.2003 Книги  
  Не е изгубен Не е повреден без рестрикции заемане за дома 164651 Регионална библиотека "Любен Каравелов" Русе Регионална библиотека "Любен Каравелов" Русе Заемна - подръчен фонд 2004-09-15 Заемна - подръчен фонд 14.00 120000688438 П 159.964.2/Ф 86 Е 120000688438 3 7.16 Дост: Pk Вид: Ф N: 8883 Дата: 03.09.2004 Дата инв: 08.02.2018 Бележки инв: П2018 Книги Universal Decimal Classification
  Не е изгубен Не е повреден без рестрикции заемане за дома 164652 Регионална библиотека "Любен Каравелов" Русе Регионална библиотека "Любен Каравелов" Русе Заемна - подръчен фонд 2004-09-15 Заемна - подръчен фонд 14.00 120000688439 П 159.964.2/Ф 86 Е 120000688439 4 7.16 Дост: Pk Вид: Ф N: 8883 Дата: 03.09.2004 Дата инв: 01.02.2018 Бележки инв: П2018 Книги Universal Decimal Classification
Vip Innovations Ltd, Rousse, Bulgaria 2025